Small ruminant welfare, production and sustainability /

Bibliographic Details
Corporate Author: ScienceDirect (Online service)
Other Authors: Kannan, Govind (Editor)
Format: eBook
Language:English
Published: London ; Cambridge, MA : Academic Press, [2025]
Subjects:
Online Access:Connect to the full text of this electronic book

MARC

Tag First Indicator Second Indicator Subfields
LEADER 00000cam a2200000 i 4500
001 in00005774939
005 20260327190432.1
006 m o d
007 cr cnu---unuuu
008 250312s2025 enk ob 001 0 eng d
040 |a UKMGB  |b eng  |e rda  |e pn  |c UKMGB  |d OCLCO  |d YDX  |d OPELS  |d YDX  |d N$T 
015 |a GBC526606  |2 bnb 
016 7 |a 300529074  |2 Uk 
020 |a 0443222002  |q electronic book 
020 |a 9780443222009  |q (electronic bk.) 
020 |z 9780443222016 
024 8 |a CIPO000210204 
035 |a (OCoLC)1518025149 
050 4 |a SF997.5.R86  |b S63 2025 
050 4 |a SF375 
082 0 4 |a 636.3  |2 23 
049 |a TXAM 
245 0 0 |a Small ruminant welfare, production and sustainability /  |c edited by Govind Kannan. 
264 1 |a London ;  |a Cambridge, MA :  |b Academic Press,  |c [2025] 
300 |a 1 online resource (xv, 475 pages) 
336 |a text  |b txt  |2 rdacontent 
337 |a computer  |b c  |2 rdamedia 
338 |a online resource  |b cr  |2 rdacarrier 
341 0 |a textual  |2 sapdv  |3 EBSCOhost 
504 |a Includes bibliographical references and index. 
532 1 |3 EBSCOhost  |a "EBSCO evaluates our products based on the Web Content Accessibility Guidelines (WCAG) and the related Section 508 and EN 301 549 regulations in the US and EU. Most EBSCO products are substantially conformant with WCAG 2.2 level AA." Source: https://connect.ebsco.com/s/article/EBSCO-VPATs?language=en_US. Last accessed April 22, 2025. 
588 |a Description based on online resource; title from digital title page (viewed on August 25, 2025). 
650 0 |a Sheep. 
650 0 |a Goats. 
650 0 |a Animal welfare. 
650 0 |a Sustainable agriculture. 
650 6 |a Moutons. 
650 6 |a Chèvres. 
650 6 |a Agriculture durable. 
650 7 |a sustainable agriculture (discipline)  |2 aat 
655 7 |a Electronic books.  |2 local 
700 1 |a Kannan, Govind,  |e editor. 
710 2 |a ScienceDirect (Online service) 
776 0 8 |i Print version:  |z 9780443222016 
856 4 0 |u http://proxy.library.tamu.edu/login?url=https://www.sciencedirect.com/science/book/9780443222016  |z Connect to the full text of this electronic book  |t 0 
955 |a Elsevier ScienceDirect 2026-2027 
994 |a 92  |b TXA 
999 f f |i ab49372d-3801-465b-bd2e-0693bd45893b  |s 7219627a-ae49-4973-89e3-dbf4e92f8af3  |t 0 
952 f f |a Texas A&M University  |b College Station  |c Electronic Resources  |s www_evans  |d Available Online  |t 0  |e SF997.5.R86 S63 2025  |h Library of Congress classification 
998 f f |a SF997.5.R86 S63 2025  |t 0  |l Available Online